[Event "Praha"]
[Site "?"]
[Date "2023.01.11"]
[Round "7.10"]
[White "Zvolensky, David"]
[Black "Zolfagharian, Kevin"]
[Result "1-0"]
[BlackElo "2227"]
[WhiteElo "2204"]
[LiveChessVersion "1.4.8"]

1. d4 {[%clk 1:30:58]} Nf6 {[%clk 1:29:56]} 2. c4 {[%clk 1:31:20]} e6
{[%clk 1:30:23]} 3. Nf3 {[%clk 1:31:37]} a6 {[%clk 1:30:38]} 4. g3
{[%clk 1:30:03]} b5 {[%clk 1:29:19]} 5. Bg2 {[%clk 1:26:11]} Bb7 {[%clk 1:29:32]}
6. O-O {[%clk 1:26:00]} bxc4 {[%clk 1:29:52]} 7. Qa4 {[%clk 1:25:25]} c5
{[%clk 1:30:04]} 8. Qxc4 {[%clk 1:15:53]} cxd4 {[%clk 1:30:03]} 9. Qxd4
{[%clk 1:14:45]} Be7 {[%clk 1:30:19]} 10. Nc3 {[%clk 1:12:31]} O-O
{[%clk 1:30:03]} 11. Rd1 {[%clk 1:11:13]} d5 {[%clk 1:20:28]} 12. Ne5
{[%clk 1:10:17]} Nc6 {[%clk 1:12:44]} 13. Nxc6 {[%clk 1:10:38]} Bxc6
{[%clk 1:13:13]} 14. b3 {[%clk 1:01:05]} Qa5 {[%clk 1:09:23]} 15. Bb2
{[%clk 0:50:54]} Rac8 {[%clk 0:58:09]} 16. Rac1 {[%clk 0:49:19]} Bc5
{[%clk 0:24:48]} 17. Qf4 {[%clk 0:48:51]} e5 {[%clk 0:17:41]} 18. Qd2
{[%clk 0:31:51]} Rfd8 {[%clk 0:16:17]} 19. Ne4 {[%clk 0:25:31]} Bb4
{[%clk 0:12:56]} 20. Nxf6+ {[%clk 0:25:39]} gxf6 {[%clk 0:13:25]} 21. Qh6
{[%clk 0:24:47]} Be7 {[%clk 0:07:36]} 22. Bxe5 {[%clk 0:24:18]} fxe5
{[%clk 0:08:00]} 23. Rxc6 {[%clk 0:24:44]} Rxc6 {[%clk 0:06:25]} 24. Qxc6
{[%clk 0:24:35]} Qxa2 {[%clk 0:06:38]} 25. Rxd5 {[%clk 0:22:35]} Qa1+
{[%clk 0:03:58]} 26. Bf1 {[%clk 0:23:04]} Rxd5 {[%clk 0:04:08]} 27. Qxd5
{[%clk 0:23:26]} a5 {[%clk 0:02:54]} 28. e3 {[%clk 0:23:39]} Qc1 {[%clk 0:01:12]}
29. Qxe5 {[%clk 0:21:16]} Qc5 {[%clk 0:01:34]} 30. Qb8+ {[%clk 0:21:30]} Kg7
{[%clk 0:02:02]} 31. Qa8 {[%clk 0:20:59]} Qf5 {[%clk 0:02:04]} 32. Bc4
{[%clk 0:18:31]} Bb4 {[%clk 0:02:26]} 33. Kg2 {[%clk 0:18:17]} Be1
{[%clk 0:02:18]} 34. Qf3 {[%clk 0:17:05]} Qg6 {[%clk 0:01:20]} 35. h4
{[%clk 0:17:04]} h6 {[%clk 0:01:44]} 36. e4 {[%clk 0:07:44]} Bb4 {[%clk 0:01:07]}
37. e5 {[%clk 0:07:40]} Kg8 {[%clk 0:00:42]} 38. h5 {[%clk 0:06:45]} Qg7
{[%clk 0:01:10]} 39. Qf5 {[%clk 0:07:00]} Bd2 {[%clk 0:00:37]} 40. Qg6
{[%clk 0:06:33]} 1-0

[Event "Praha"]
[Site "?"]
[Date "2023.01.11"]
[Round "7.11"]
[White "Ivanov, Mike"]
[Black "Dudek, Vojtech"]
[Result "1-0"]
[BlackElo "2134"]
[WhiteElo "2319"]
[LiveChessVersion "1.4.8"]

1. e4 {[%clk 1:30:59]} c5 {[%clk 1:30:47]} 2. Nf3 {[%clk 1:30:54]} Nc6
{[%clk 1:31:02]} 3. Bb5 {[%clk 1:30:52]} e6 {[%clk 1:31:12]} 4. Bxc6
{[%clk 1:29:21]} bxc6 {[%clk 1:31:17]} 5. b3 {[%clk 1:29:27]} d6 {[%clk 1:26:05]}
6. e5 {[%clk 1:29:33]} d5 {[%clk 1:17:07]} 7. O-O {[%clk 1:28:50]} Ne7
{[%clk 1:16:14]} 8. Ba3 {[%clk 1:26:44]} Ng6 {[%clk 1:01:49]} 9. Nc3
{[%clk 1:24:25]} f6 {[%clk 0:55:33]} 10. d4 {[%clk 1:18:41]} cxd4
{[%clk 0:48:31]} 11. Bxf8 {[%clk 1:18:54]} Rxf8 {[%clk 0:48:50]} 12. Qxd4
{[%clk 1:17:39]} Qb6 {[%clk 0:33:37]} 13. Qg4 {[%clk 0:57:13]} fxe5
{[%clk 0:26:12]} 14. Na4 {[%clk 0:55:31]} Qd8 {[%clk 0:22:39]} 15. Ng5
{[%clk 0:54:46]} Rf4 {[%clk 0:22:29]} 16. Qg3 {[%clk 0:54:58]} Rf5
{[%clk 0:21:55]} 17. h4 {[%clk 0:44:02]} Nf4 {[%clk 0:21:09]} 18. Rfe1
{[%clk 0:43:33]} h6 {[%clk 0:20:26]} 19. Nf3 {[%clk 0:42:41]} Qf6
{[%clk 0:19:52]} 20. Rad1 {[%clk 0:38:50]} Bd7 {[%clk 0:17:50]} 21. Nc5
{[%clk 0:37:08]} Ke7 {[%clk 0:14:47]} 22. Nh2 {[%clk 0:30:08]} h5
{[%clk 0:10:03]} 23. Nf1 {[%clk 0:29:21]} Ng6 {[%clk 0:08:20]} 24. c4
{[%clk 0:21:14]} Nxh4 {[%clk 0:07:06]} 25. Ne3 {[%clk 0:20:54]} Ng6
{[%clk 0:01:09]} 26. Nxf5+ {[%clk 0:15:07]} Qxf5 {[%clk 0:01:37]} 27. Qd3
{[%clk 0:08:04]} Qg4 {[%clk 0:00:37]} 28. Qe2 {[%clk 0:04:53]} Qg5
{[%clk 0:00:50]} 29. Qe3 {[%clk 0:04:39]} Qg4 {[%clk 0:00:36]} 30. cxd5
{[%clk 0:03:26]} exd5 {[%clk 0:00:34]} 31. Nd3 {[%clk 0:03:38]} e4
{[%clk 0:00:37]} 32. f3 {[%clk 0:03:46]} Qg3 {[%clk 0:00:32]} 33. fxe4
{[%clk 0:04:00]} Qxe3+ {[%clk 0:00:49]} 34. Rxe3 {[%clk 0:04:28]} dxe4
{[%clk 0:00:41]} 35. Rxe4+ {[%clk 0:04:29]} Kf6 {[%clk 0:00:59]} 36. Rf1+
{[%clk 0:02:54]} Kg5 {[%clk 0:01:24]} 37. Ne5 {[%clk 0:02:14]} Nxe5
{[%clk 0:00:33]} 38. Rxe5+ {[%clk 0:02:42]} Kh6 {[%clk 0:00:48]} 39. Rf7
{[%clk 0:01:55]} Bg4 {[%clk 0:00:46]} 40. Rc7 {[%clk 0:01:15]} Rd8
{[%clk 0:00:35]} 41. Rxc6+ {[%clk 0:29:31]} g6 {[%clk 0:30:15]} 42. Rc2
{[%clk 0:22:15]} Bf5 {[%clk 0:30:03]} 43. Rb2 {[%clk 0:21:25]} Kg5
{[%clk 0:30:04]} 44. Ra5 {[%clk 0:21:39]} Kf4 {[%clk 0:28:37]} 45. Kf2
{[%clk 0:21:36]} Rd7 {[%clk 0:25:13]} 46. Ra4+ {[%clk 0:21:38]} Ke5
{[%clk 0:25:11]} 47. Re2+ {[%clk 0:20:48]} Kf6 {[%clk 0:25:22]} 48. Rc4
{[%clk 0:17:11]} Rd6 {[%clk 0:24:46]} 49. Rc7 {[%clk 0:11:25]} a6
{[%clk 0:24:01]} 50. Rc4 {[%clk 0:09:19]} Rb6 {[%clk 0:22:46]} 51. Rd2
{[%clk 0:09:32]} Ke5 {[%clk 0:22:32]} 52. b4 {[%clk 0:09:12]} Be6
{[%clk 0:21:33]} 53. Rc5+ {[%clk 0:09:26]} Ke4 {[%clk 0:21:22]} 54. a3
{[%clk 0:09:55]} Bg4 {[%clk 0:15:07]} 55. Rcd5 {[%clk 0:07:57]} Rf6+
{[%clk 0:15:08]} 56. Kg3 {[%clk 0:08:25]} Rc6 {[%clk 0:12:37]} 57. Rc5
{[%clk 0:06:16]} Rf6 {[%clk 0:09:58]} 58. a4 {[%clk 0:05:25]} Rb6
{[%clk 0:07:36]} 59. b5 {[%clk 0:05:00]} axb5 {[%clk 0:07:22]} 60. Rxb5
{[%clk 0:04:42]} Rc6 {[%clk 0:06:06]} 61. Rb4+ {[%clk 0:03:07]} Ke3
{[%clk 0:05:54]} 62. Ra2 {[%clk 0:02:36]} Be2 {[%clk 0:02:47]} 63. Ra3+
{[%clk 0:02:45]} Kd2 {[%clk 0:02:41]} 64. Rb2+ {[%clk 0:02:59]} 1-0

[Event "Praha"]
[Site "?"]
[Date "2023.01.11"]
[Round "7.12"]
[White "Bochnicka, Vladimir"]
[Black "Hanl, Frantisek"]
[Result "1/2-1/2"]
[BlackElo "2148"]
[WhiteElo "2345"]
[LiveChessVersion "1.4.8"]

1. c4 {[%clk 1:30:57]} e5 {[%clk 1:30:54]} 2. Nc3 {[%clk 1:31:17]} Nc6
{[%clk 1:31:22]} 3. g3 {[%clk 1:31:34]} g6 {[%clk 1:31:43]} 4. Bg2
{[%clk 1:31:47]} Bg7 {[%clk 1:32:11]} 5. e4 {[%clk 1:31:47]} d6 {[%clk 1:32:06]}
6. Nge2 {[%clk 1:32:01]} Nge7 {[%clk 1:31:06]} 7. d3 {[%clk 1:31:55]} O-O
{[%clk 1:31:08]} 8. O-O {[%clk 1:32:00]} Nd4 {[%clk 1:30:13]} 9. Nxd4
{[%clk 1:29:11]} exd4 {[%clk 1:30:40]} 10. Ne2 {[%clk 1:29:23]} c5
{[%clk 1:28:04]} 11. Rb1 {[%clk 1:27:35]} Nc6 {[%clk 1:25:55]} 12. h3
{[%clk 1:23:43]} Bd7 {[%clk 1:23:16]} 13. Bf4 {[%clk 1:14:51]} Qc7
{[%clk 1:08:56]} 14. Kh2 {[%clk 1:09:54]} Rab8 {[%clk 1:07:24]} 15. Qd2
{[%clk 1:04:35]} b5 {[%clk 1:06:43]} 16. Rbc1 {[%clk 1:01:15]} bxc4
{[%clk 0:59:18]} 17. Rxc4 {[%clk 1:01:05]} Be5 {[%clk 0:50:02]} 18. b3
{[%clk 0:51:16]} Qb6 {[%clk 0:36:15]} 19. Bh6 {[%clk 0:42:15]} Bg7
{[%clk 0:36:24]} 20. Bxg7 {[%clk 0:42:03]} Kxg7 {[%clk 0:36:51]} 21. f4
{[%clk 0:41:06]} f6 {[%clk 0:36:42]} 22. g4 {[%clk 0:35:47]} Qa5 {[%clk 0:32:41]}
23. Qxa5 {[%clk 0:22:08]} Nxa5 {[%clk 0:33:05]} 24. Rc2 {[%clk 0:22:25]} Nc6
{[%clk 0:31:38]} 25. Nc1 {[%clk 0:22:36]} a5 {[%clk 0:31:24]} 26. a4
{[%clk 0:17:07]} g5 {[%clk 0:27:30]} 27. e5 {[%clk 0:15:48]} fxe5
{[%clk 0:26:28]} 28. fxg5 {[%clk 0:15:09]} Rxf1 {[%clk 0:25:59]} 29. Bxf1
{[%clk 0:15:35]} Nb4 {[%clk 0:25:15]} 30. Rf2 {[%clk 0:15:02]} Nd5
{[%clk 0:24:49]} 31. Bg2 {[%clk 0:14:51]} Nf4 {[%clk 0:25:01]} 32. Be4
{[%clk 0:09:43]} Be6 {[%clk 0:22:59]} 33. Rb2 {[%clk 0:07:11]} d5
{[%clk 0:18:00]} 34. Bf5 {[%clk 0:06:19]} c4 {[%clk 0:16:41]} 35. Bxe6
{[%clk 0:04:14]} Nxe6 {[%clk 0:16:49]} 36. Re2 {[%clk 0:02:43]} cxb3
{[%clk 0:15:18]} 37. Nxb3 {[%clk 0:03:01]} Rxb3 {[%clk 0:15:25]} 38. Rxe5
{[%clk 0:03:28]} Nf4 {[%clk 0:15:45]} 39. Rf5 {[%clk 0:03:36]} Ne2
{[%clk 0:09:35]} 40. Rxd5 {[%clk 0:03:17]} Rxd3 {[%clk 0:09:45]} 41. Rxa5
{[%clk 0:03:39]} Nf4 {[%clk 0:09:32]} 42. h4 {[%clk 0:03:05]} Rh3+
{[%clk 0:08:46]} 43. Kg1 {[%clk 0:03:31]} Rxh4 {[%clk 0:07:47]} 44. Kf2
{[%clk 0:03:57]} Rh3 {[%clk 0:07:49]} 45. Rf5 {[%clk 0:04:09]} Ne6
{[%clk 0:07:06]} 46. a5 {[%clk 0:03:45]} Ra3 {[%clk 0:06:55]} 47. Rd5
{[%clk 0:03:49]} Kf8 {[%clk 0:04:20]} 48. Rd6 {[%clk 0:01:21]} Ke7
{[%clk 0:03:48]} 49. Rd5 {[%clk 0:01:46]} Rb3 {[%clk 0:02:59]} 50. Ke1
{[%clk 0:01:39]} Rg3 {[%clk 0:01:27]} 51. Kf2 {[%clk 0:01:21]} Rb3
{[%clk 0:25:51]} 52. Ke1 {[%clk 0:30:56]} Rb2 {[%clk 0:23:12]} 53. Kd1
{[%clk 0:29:57]} Rb7 {[%clk 0:22:39]} 54. Kd2 {[%clk 0:29:24]} Rd7
{[%clk 0:22:22]} 55. Rb5 {[%clk 0:29:24]} Kd6 {[%clk 0:21:31]} 56. Kd3
{[%clk 0:28:49]} Kc6 {[%clk 0:19:42]} 57. Re5 {[%clk 0:27:57]} Rd6
{[%clk 0:17:33]} 58. Rf5 {[%clk 0:28:01]} Nc5+ {[%clk 0:13:16]} 59. Kc4
{[%clk 0:22:17]} Nd7 {[%clk 0:13:32]} 60. Kd3 {[%clk 0:22:19]} Rd5
{[%clk 0:11:04]} 61. a6 {[%clk 0:20:21]} Nc5+ {[%clk 0:07:34]} 62. Kc4
{[%clk 0:19:52]} Rxf5 {[%clk 0:07:07]} 63. gxf5 {[%clk 0:20:18]} d3
{[%clk 0:06:42]} 64. a7 {[%clk 0:18:51]} Kb7 {[%clk 0:07:05]} 65. g6
{[%clk 0:18:57]} hxg6 {[%clk 0:06:55]} 66. fxg6 {[%clk 0:19:19]} d2
{[%clk 0:07:05]} 67. g7 {[%clk 0:19:28]} d1=Q {[%clk 0:06:40]} 68. a8=Q+
{[%clk 0:19:50]} 1/2-1/2

[Event "Praha"]
[Site "?"]
[Date "2023.01.11"]
[Round "7.13"]
[White "Wiley, Tom E"]
[Black "Serrano Salvador, Eduardo"]
[Result "0-1"]
[BlackElo "2288"]
[WhiteElo "2131"]
[LiveChessVersion "1.4.8"]

1. d4 {[%clk 1:30:58]} Nf6 {[%clk 1:30:02]} 2. c4 {[%clk 1:31:26]} d6
{[%clk 1:30:20]} 3. Nc3 {[%clk 1:31:08]} e5 {[%clk 1:30:37]} 4. d5
{[%clk 1:31:16]} Be7 {[%clk 1:25:08]} 5. e4 {[%clk 1:30:23]} O-O {[%clk 1:25:11]}
6. g3 {[%clk 1:26:50]} a5 {[%clk 1:24:30]} 7. Bg2 {[%clk 1:27:02]} Na6
{[%clk 1:24:07]} 8. Nge2 {[%clk 1:26:01]} Nc5 {[%clk 1:23:42]} 9. O-O
{[%clk 1:26:21]} h5 {[%clk 1:19:56]} 10. h4 {[%clk 1:07:31]} Nh7 {[%clk 1:08:40]}
11. Be3 {[%clk 1:06:49]} b6 {[%clk 1:08:57]} 12. Nc1 {[%clk 1:06:56]} Bg4
{[%clk 1:08:32]} 13. f3 {[%clk 1:05:05]} Bd7 {[%clk 1:08:42]} 14. Nd3
{[%clk 1:05:23]} g6 {[%clk 1:03:02]} 15. Nf2 {[%clk 1:02:02]} Kh8
{[%clk 0:56:42]} 16. Qd2 {[%clk 0:53:16]} Rg8 {[%clk 0:50:18]} 17. Rae1
{[%clk 0:45:15]} g5 {[%clk 0:41:41]} 18. hxg5 Bxg5 {[%clk 0:38:43]} 19. Kh2
{[%clk 0:39:33]} Bh4 {[%clk 0:34:08]} 0-1

[Event "Praha"]
[Site "?"]
[Date "2023.01.11"]
[Round "7.14"]
[White "Vojta, Jakub"]
[Black "Mestek, Igor"]
[Result "1-0"]
[BlackElo "2144"]
[WhiteElo "2288"]
[LiveChessVersion "1.4.8"]

1. e4 {[%clk 1:30:57]} c6 {[%clk 1:30:02]} 2. d4 {[%clk 1:31:22]} Na6
{[%clk 1:30:26]} 3. Nf3 {[%clk 1:30:42]} g6 {[%clk 1:30:19]} 4. Nc3
{[%clk 1:23:04]} Nc7 {[%clk 1:30:41]} 5. Bf4 {[%clk 1:23:07]} Nf6
{[%clk 1:20:35]} 6. Bd3 {[%clk 1:18:34]} d5 {[%clk 1:20:11]} 7. Be5
{[%clk 1:11:11]} Bg7 {[%clk 1:19:20]} 8. exd5 {[%clk 1:03:39]} Ncxd5
{[%clk 1:18:59]} 9. Nxd5 {[%clk 1:03:02]} cxd5 {[%clk 1:18:01]} 10. c3
{[%clk 1:02:18]} O-O {[%clk 1:17:27]} 11. O-O {[%clk 1:02:34]} Nh5
{[%clk 1:13:45]} 12. Bxg7 {[%clk 0:54:23]} Kxg7 {[%clk 1:14:01]} 13. Qd2
{[%clk 0:53:42]} Qd6 {[%clk 1:13:22]} 14. Rfe1 {[%clk 0:53:42]} f6
{[%clk 1:06:49]} 15. Qe3 {[%clk 0:47:31]} Re8 {[%clk 1:03:49]} 16. g3
{[%clk 0:41:19]} Bd7 {[%clk 1:03:16]} 17. Kg2 {[%clk 0:39:24]} a6
{[%clk 1:01:33]} 18. h3 {[%clk 0:37:48]} Rac8 {[%clk 0:59:05]} 19. Re2
{[%clk 0:37:07]} Rc7 {[%clk 0:55:03]} 20. Rae1 {[%clk 0:36:39]} Bc8
{[%clk 0:52:22]} 21. a4 {[%clk 0:26:12]} Bd7 {[%clk 0:51:43]} 22. a5
{[%clk 0:25:56]} Rcc8 {[%clk 0:51:01]} 23. Kh2 {[%clk 0:22:43]} Qc7
{[%clk 0:50:11]} 24. Qd2 {[%clk 0:22:01]} Qd6 {[%clk 0:50:15]} 25. b3
{[%clk 0:19:25]} e6 {[%clk 0:46:03]} 26. c4 {[%clk 0:17:45]} Bc6 {[%clk 0:40:23]}
27. c5 {[%clk 0:17:40]} Qe7 {[%clk 0:40:06]} 28. Kg2 {[%clk 0:16:10]} f5
{[%clk 0:37:02]} 29. Rxe6 {[%clk 0:14:56]} Qxe6 {[%clk 0:37:12]} 30. Rxe6
{[%clk 0:15:23]} Rxe6 {[%clk 0:37:30]} 31. Bxf5 {[%clk 0:15:50]} gxf5
{[%clk 0:35:44]} 32. Qg5+ {[%clk 0:16:17]} Rg6 {[%clk 0:34:33]} 33. Qxh5
{[%clk 0:16:45]} Rf8 {[%clk 0:33:06]} 34. Ne5 {[%clk 0:16:18]} Rgf6
{[%clk 0:31:39]} 35. Qg5+ {[%clk 0:16:16]} Kh8 {[%clk 0:31:45]} 36. h4
{[%clk 0:12:37]} f4 {[%clk 0:29:56]} 37. h5 {[%clk 0:10:17]} Rf5 {[%clk 0:28:11]}
38. Ng6+ {[%clk 0:08:49]} hxg6 {[%clk 0:28:08]} 39. Qh6+ {[%clk 0:09:15]} Kg8
{[%clk 0:28:25]} 40. hxg6 {[%clk 0:09:40]} f3+ {[%clk 0:28:36]} 41. Kg1
{[%clk 0:08:36]} R5f7 {[%clk 0:27:37]} 42. gxf7+ {[%clk 0:09:00]} Rxf7
{[%clk 0:27:08]} 43. Qd6 {[%clk 0:08:15]} Kh7 {[%clk 0:26:00]} 44. Kh2
{[%clk 0:08:14]} Kg7 {[%clk 0:24:48]} 45. g4 {[%clk 0:07:55]} Rf6
{[%clk 0:25:04]} 46. Qe7+ {[%clk 0:08:19]} Kg6 {[%clk 0:25:16]} 47. Kg3
{[%clk 0:08:01]} Rf7 {[%clk 0:25:33]} 48. Qe6+ {[%clk 0:08:26]} Kg7
{[%clk 0:25:36]} 49. g5 {[%clk 0:08:41]} Bd7 {[%clk 0:23:01]} 50. Qxd5
{[%clk 0:09:04]} Bf5 {[%clk 0:23:22]} 51. Qd8 {[%clk 0:08:23]} Bc2
{[%clk 0:23:16]} 52. b4 {[%clk 0:08:31]} Kg6 {[%clk 0:23:23]} 53. d5
{[%clk 0:07:36]} Rf5 {[%clk 0:23:28]} 54. d6 {[%clk 0:07:53]} Rxg5+
{[%clk 0:23:47]} 55. Qxg5+ {[%clk 0:08:16]} Kxg5 {[%clk 0:24:10]} 56. d7
{[%clk 0:08:40]} 1-0

[Event "Praha"]
[Site "?"]
[Date "2023.01.11"]
[Round "7.15"]
[White "Cieslak, Patryk"]
[Black "Oberhofer, Cedric"]
[Result "1-0"]
[BlackElo "2259"]
[WhiteElo "2094"]
[LiveChessVersion "1.4.8"]

1. e4 {[%clk 1:30:57]} c5 {[%clk 1:30:52]} 2. Nf3 {[%clk 1:31:26]} d6
{[%clk 1:31:13]} 3. d4 {[%clk 1:31:52]} cxd4 {[%clk 1:31:39]} 4. Nxd4
{[%clk 1:32:19]} Nf6 {[%clk 1:32:04]} 5. Nc3 {[%clk 1:32:46]} Nc6
{[%clk 1:32:28]} 6. f3 {[%clk 1:33:13]} e5 {[%clk 1:32:07]} 7. Nb3
{[%clk 1:33:33]} Be7 {[%clk 1:32:23]} 8. Be3 {[%clk 1:33:56]} O-O
{[%clk 1:32:27]} 9. Qd2 {[%clk 1:34:07]} a5 {[%clk 1:32:07]} 10. Bb5
{[%clk 1:34:07]} Be6 {[%clk 1:31:46]} 11. O-O-O {[%clk 1:34:10]} Nb4
{[%clk 1:30:52]} 12. Kb1 {[%clk 1:34:24]} d5 {[%clk 1:28:28]} 13. exd5
{[%clk 1:34:49]} Nbxd5 {[%clk 1:25:56]} 14. Nxd5 {[%clk 1:35:11]} Nxd5
{[%clk 1:25:46]} 15. Bc4 {[%clk 1:35:39]} Nxe3 {[%clk 1:25:47]} 16. Qxe3
{[%clk 1:36:07]} Qc8 {[%clk 1:26:07]} 17. Bxe6 {[%clk 1:36:32]} Qxe6
{[%clk 1:26:34]} 18. Rhe1 {[%clk 1:26:23]} a4 {[%clk 1:07:55]} 19. Nd2
{[%clk 1:18:57]} Ra5 {[%clk 1:02:06]} 20. a3 {[%clk 1:13:38]} Rc8
{[%clk 0:55:27]} 21. Ne4 {[%clk 1:09:34]} f5 {[%clk 0:44:42]} 22. Nc3
{[%clk 1:03:40]} Bf6 {[%clk 0:43:50]} 23. g4 {[%clk 0:57:29]} e4 {[%clk 0:28:21]}
24. gxf5 {[%clk 0:55:40]} Qxf5 {[%clk 0:25:26]} 25. Nxe4 {[%clk 0:51:54]} Be5
{[%clk 0:25:10]} 26. Qb6 {[%clk 0:44:02]} Bc7 {[%clk 0:20:50]} 27. Qd4
{[%clk 0:37:06]} Bxh2 {[%clk 0:16:34]} 28. Re2 {[%clk 0:35:10]} Be5
{[%clk 0:15:39]} 29. Qd7 {[%clk 0:31:48]} Qxd7 {[%clk 0:14:06]} 30. Rxd7
{[%clk 0:32:16]} Rb5 {[%clk 0:12:34]} 31. c3 {[%clk 0:30:05]} h5 {[%clk 0:10:25]}
32. Rg2 {[%clk 0:28:54]} Rc6 {[%clk 0:05:10]} 33. f4 {[%clk 0:18:38]} Bf6
{[%clk 0:03:17]} 34. Nxf6+ {[%clk 0:17:46]} Rxf6 {[%clk 0:03:43]} 35. Rgxg7+
{[%clk 0:17:40]} Kf8 {[%clk 0:04:06]} 36. Rh7 {[%clk 0:17:54]} Kg8
{[%clk 0:04:30]} 37. c4 {[%clk 0:17:11]} Rb3 {[%clk 0:03:34]} 38. Rdg7+
{[%clk 0:10:21]} Kf8 {[%clk 0:03:58]} 39. Rc7 {[%clk 0:10:44]} Kg8
{[%clk 0:04:00]} 40. Rxh5 {[%clk 0:07:27]} Rxf4 {[%clk 0:04:24]} 41. Rd5
{[%clk 0:07:09]} Rf2 {[%clk 0:25:33]} 42. Rd8+ {[%clk 0:37:15]} Rf8
{[%clk 0:26:00]} 43. Rxf8+ {[%clk 0:28:46]} Kxf8 {[%clk 0:26:25]} 44. Rc8+
{[%clk 0:29:03]} Ke7 {[%clk 0:26:45]} 45. Ra8 {[%clk 0:29:19]} Kd7
{[%clk 0:27:11]} 46. Rxa4 {[%clk 0:29:36]} Kc6 {[%clk 0:27:36]} 47. Kc2
{[%clk 0:28:52]} Rh3 {[%clk 0:28:03]} 48. Rb4 {[%clk 0:28:42]} b6
{[%clk 0:27:58]} 49. Rb5 {[%clk 0:28:30]} Rg3 {[%clk 0:28:21]} 50. Rd5
{[%clk 0:28:32]} Rg2+ {[%clk 0:28:39]} 51. Kc3 {[%clk 0:28:47]} Rg3+
{[%clk 0:29:06]} 52. Rd3 {[%clk 0:29:11]} Rg2 {[%clk 0:29:30]} 53. Rf3
{[%clk 0:29:26]} Rh2 {[%clk 0:29:54]} 54. Rf6+ {[%clk 0:29:50]} Kc7
{[%clk 0:30:20]} 55. b3 {[%clk 0:30:11]} Rh3+ {[%clk 0:30:39]} 56. Kb4
{[%clk 0:30:34]} Rg3 {[%clk 0:30:52]} 57. Rf5 {[%clk 0:30:32]} Kc6
{[%clk 0:31:10]} 58. a4 {[%clk 0:30:44]} Rh3 {[%clk 0:31:35]} 59. a5
{[%clk 0:31:08]} bxa5+ {[%clk 0:31:58]} 60. Rxa5 {[%clk 0:31:32]} Kb6
{[%clk 0:32:25]} 61. Rb5+ {[%clk 0:31:50]} Kc6 {[%clk 0:32:45]} 62. Rg5
{[%clk 0:31:49]} Rh6 {[%clk 0:33:10]} 63. Rg3 {[%clk 0:31:33]} Rf6
{[%clk 0:33:30]} 64. Kc3 {[%clk 0:31:47]} Rh6 {[%clk 0:33:54]} 65. b4
{[%clk 0:31:51]} Rf6 {[%clk 0:34:16]} 66. b5+ {[%clk 0:31:55]} Kb6
{[%clk 0:34:42]} 67. Kb4 {[%clk 0:32:02]} Rf4 {[%clk 0:35:08]} 68. Rg6+
{[%clk 0:32:27]} Kb7 {[%clk 0:35:34]} 69. Rh6 {[%clk 0:31:42]} Rg4
{[%clk 0:35:59]} 70. Rh7+ {[%clk 0:32:06]} Kb6 {[%clk 0:36:24]} 71. Rf7
{[%clk 0:32:17]} Rh4 {[%clk 0:36:40]} 72. Rf6+ {[%clk 0:32:45]} Kb7
{[%clk 0:37:06]} 73. Rd6 {[%clk 0:32:27]} Rg4 {[%clk 0:37:18]} 74. Kc5
{[%clk 0:32:23]} Rg5+ {[%clk 0:37:44]} 75. Rd5 {[%clk 0:32:44]} Rg7
{[%clk 0:37:48]} 76. Rd4 {[%clk 0:28:55]} Rg5+ {[%clk 0:37:36]} 77. Kb4
{[%clk 0:28:58]} Kb6 {[%clk 0:37:49]} 78. c5+ {[%clk 0:28:39]} Kc7
{[%clk 0:38:15]} 79. b6+ {[%clk 0:28:55]} Kb7 {[%clk 0:38:38]} 80. Kb5
{[%clk 0:28:42]} Rh5 {[%clk 0:38:45]} 81. Rd7+ {[%clk 0:29:01]} Kc8
{[%clk 0:39:14]} 82. b7+ {[%clk 0:28:15]} Kb8 {[%clk 0:39:38]} 83. Kb6
{[%clk 0:25:42]} 1-0

[Event "Praha"]
[Site "?"]
[Date "2023.01.11"]
[Round "7.17"]
[White "Ocelak, Jakub"]
[Black "Vaculik, Jakub"]
[Result "0-1"]
[BlackElo "2200"]
[WhiteElo "2105"]
[LiveChessVersion "1.4.8"]

1. e4 {[%clk 1:30:59]} e6 {[%clk 1:30:19]} 2. d4 {[%clk 1:30:27]} d5
{[%clk 1:29:35]} 3. Nc3 {[%clk 1:30:39]} Nf6 {[%clk 1:30:02]} 4. e5
{[%clk 1:30:16]} Nfd7 {[%clk 1:30:27]} 5. f4 {[%clk 1:30:41]} c5 {[%clk 1:30:10]}
6. Nf3 {[%clk 1:30:54]} Nc6 {[%clk 1:30:08]} 7. Be3 {[%clk 1:31:17]} a6
{[%clk 1:29:18]} 8. a3 {[%clk 1:31:36]} c4 {[%clk 1:24:40]} 9. f5
{[%clk 1:21:00]} Nb6 {[%clk 1:20:11]} 10. fxe6 {[%clk 1:13:54]} Bxe6
{[%clk 1:19:23]} 11. Be2 {[%clk 1:10:55]} h6 {[%clk 1:18:05]} 12. O-O
{[%clk 1:09:05]} Qd7 {[%clk 1:15:43]} 13. Qd2 {[%clk 1:03:10]} Ne7
{[%clk 1:10:52]} 14. Nd1 {[%clk 1:00:48]} Nf5 {[%clk 1:03:35]} 15. Bf2
{[%clk 1:00:33]} Rc8 {[%clk 1:02:04]} 16. c3 {[%clk 0:56:50]} Rc6
{[%clk 0:59:18]} 17. h3 {[%clk 0:46:26]} Na4 {[%clk 0:54:51]} 18. Ra2
{[%clk 0:38:12]} b5 {[%clk 0:51:56]} 19. Kh2 {[%clk 0:36:52]} a5 {[%clk 0:49:53]}
20. Nh4 {[%clk 0:29:12]} Be7 {[%clk 0:40:14]} 21. Nxf5 {[%clk 0:26:08]} Bxf5
{[%clk 0:40:42]} 22. Bh5 {[%clk 0:22:36]} O-O {[%clk 0:33:21]} 23. Bg3
{[%clk 0:20:30]} f6 {[%clk 0:21:55]} 24. Ne3 {[%clk 0:14:52]} Bd3
{[%clk 0:20:16]} 25. Re1 {[%clk 0:10:37]} fxe5 {[%clk 0:19:26]} 26. dxe5
{[%clk 0:10:29]} Nc5 {[%clk 0:16:18]} 27. Bf3 {[%clk 0:02:51]} Ne4
{[%clk 0:14:54]} 28. Bxe4 {[%clk 0:03:15]} Bxe4 {[%clk 0:14:54]} 29. Nxc4
{[%clk 0:02:00]} Rxc4 {[%clk 0:14:55]} 30. b3 {[%clk 0:02:29]} Rc7
{[%clk 0:14:52]} 31. e6 {[%clk 0:02:52]} Qc6 {[%clk 0:14:05]} 32. Bxc7
{[%clk 0:03:17]} Qxc7+ {[%clk 0:14:30]} 33. Kh1 {[%clk 0:03:06]} Qg3
{[%clk 0:13:31]} 34. Qe3 {[%clk 0:00:39]} Rf1+ {[%clk 0:13:44]} 0-1